تحقيق التراث العربي : (Record no. 16331)
[ view plain ]
| 000 -الفاتح | |
|---|---|
| حقل البيانات ثابتة الطول | 00840nam a22001817a 4500 |
| 005 - وقت وتاريخ اخر تعامل مع التسجيلة | |
| رقم الضبط | 2011121509069.0 |
| 008 - عناصر البيانات ثابتة الطول - معلومات عامة | |
| حقل البيانات ثابتة الطول | 111215s1983 ua||||||r||| 000 0ara d |
| 082 ## - رقم تصنيف ديوى العشرى | |
| رقم الطبعة | 22 |
| رقم التصنيف | 091.1 |
| رقم المادة | د ي ا |
| 100 ## - المدخل الرئيسى - إسم شخصى | |
| 9 (RLIN) | 28147 |
| الإسم الشخصى | دياب، عبد المجيد |
| 245 ## - بيان العنوان | |
| العنوان | تحقيق التراث العربي : |
| بقية العنوان | منهجه وتطوره / |
| بيان المسئوليه,etc | عبد المجيد دياب. |
| 260 ## - PUBLICATION, DISTRIBUTION, ETC. (IMPRINT) | |
| مكان الناشر او الموزع | القاهرة : |
| اسم الناشر او الموزع | المركز العربي للصحافة والنشر والإعلام، |
| تاريخ النشر أو التوزيع | 1983. |
| 300 ## - الوصف المادى | |
| التعداد | 381 ص. ؛ |
| أبعاد الوعاء | 24 سم. |
| 504 ## - تبصرة ببليوجرافية | |
| تبصرة ببليوجرافية,الخ | يشتمل على ارجاعات ببليوجرافية: ص 356-376. |
| 650 ## - المدخل الاضافى بالموضوع-مصطلح موضوعى | |
| 9 (RLIN) | 28148 |
| مصطلح موضوعي أو اسم جغرافي كعنصر مدخل | المخطوطات العربية |
| مصطلح موضوعي تابع لاسم جغرافي كعنصر مدخل | تحقيق |
| 653 ## - مصطلح تكشيفى غير مقيد | |
| Resource For college | |
| Arrived date list | December2011 |
| 942 ## - عناصر المدخل الإضافي( كوها) | |
| مصدر التصنيف او مخطط الترفيف | Dewey Decimal Classification |
| Koha [default] item type | Book - Borrowing |
| حالة التراجع | حالة الفقد | مصدر التصنيف او خطة الترفيف | حالة تلف | ليس للاعارة | مجموعات كوها | المكان الدائم | المكان الحالي | موقع الترفيف | تاريخ الاكتساب | Source of acquisition | رقم الاستدعاء | الباركود | Date last seen | مُعار | نوع الوعاء |
|---|---|---|---|---|---|---|---|---|---|---|---|---|---|---|---|
| Dewey Decimal Classification | Alef book stores | Central Library | Central Library | Lower Floor | 15/12/2011 | Purchase | 091.072 د ي ا | 000025842 | 15/07/2025 | 10/11/2015 | Book - Borrowing |